[Event "Voronezh op-B 13th"]
[Site "Voronezh"]
[Date "2009.06.15"]
[Round "4"]
[White "Kiselev, Alexander"]
[Black "Startsev, Vladimir"]
[Result "1/2-1/2"]
[WhiteElo "2121"]
[BlackElo "2209"]
[PlyCount "89"]
[EventDate "2009.06.12"]
[EventType "swiss"]
[EventRounds "9"]
[EventCountry "RUS"]
[SourceTitle "CBM 130 Extra"]
[Source "ChessBase"]
[SourceDate "2009.07.02"]
[SourceVersion "2"]
[SourceVersionDate "2009.07.15"]
[SourceQuality "1"]

1. e4 d6 2. d4 Nf6 3. Nc3 e5 4. Nf3 Nbd7 5. Bc4 Be7 6. 0-0 0-0 7. Re1 c6 8. a4 a5 9. h3 Qe8 10. Nh4 Nb6 11. Bb3 Be6 12. dxe5 dxe5 13. Nf5 Bxb3 14. cxb3 g6 15. Be3 gxf5 16. Bxb6 f4 17. Rc1 Qd7 18. f3 Qe6 19. Bf2 Kh8 20. Kh2 Rg8 21. Rg1 Rg6 22. Ne2 Nh5 23. Rc3 Rag8 24. Bc5 Bh4 25. Rd3 Qf6 26. Rd6 Qg5 27. Rxg6 hxg6 28. Bb6 Qe7 29. Qc2 g5 30. Qc5 Qxc5 31. Bxc5 Kg7 32. Rd1 Nf6 33. Kg1 b5 34. Nc3 bxa4 35. Nxa4 Nh5 36. Bb6 Ng3 37. Rd2 Rb8 38. Bc7 Rb5 39. Nc3 Rxb3 40. Bxe5+ f6 41. Bd4 Kf7 42. Bc5 Nh5 43. Kf1 Ng3+ 44. Kg1 Nh5 45. Kf1 1/2-1/2

[Event "Voronezh op-B 13th"]
[Site "Voronezh"]
[Date "2009.06.13"]
[Round "2"]
[White "Chernov, Vladimir1111"]
[Black "Startsev, Vladimir"]
[Result "0-1"]
[WhiteElo "2088"]
[BlackElo "2209"]
[PlyCount "73"]
[EventDate "2009.06.12"]
[EventType "swiss"]
[EventRounds "9"]
[EventCountry "RUS"]
[SourceTitle "CBM 130 Extra"]
[Source "ChessBase"]
[SourceDate "2009.07.02"]
[SourceVersion "2"]
[SourceVersionDate "2009.07.15"]
[SourceQuality "1"]

1. e4 b6 2. Nf3 Bb7 3. Nc3 e6 4. d4 d5 5. exd5 exd5 6. Bb5+ c6 7. Bd3 Bd6 8. Bg5 f6 9. Bh4 Qe7+ 10. Ne2 Nh6 11. 0-0 0-0 12. Re1 Qf7 13. c3 Na6 14. Qc2 g6 15. Qd2 Kg7 16. Nf4 Nc7 17. Bg3 Rad8 18. b4 Bc8 19. a4 a6 20. b5 cxb5 21. axb5 a5 22. Rac1 Nf5 23. c4 Nxg3 24. hxg3 Bb4 25. Qa2 Bxe1 26. Rxe1 g5 27. Nxd5 Nxd5 28. cxd5 Rfe8 29. Rc1 Bb7 30. Bc4 Rd6 31. Qa3 Qd7 32. Rc3 Rc8 33. Qc1 Bxd5 34. Bxd5 Rxc3 35. Qxc3 Rxd5 36. Qc6 Qxc6 37. bxc6 0-1

[Event "Voronezh op-B 13th"]
[Site "Voronezh"]
[Date "2009.06.12"]
[Round "1"]
[White "Startsev, Vladimir"]
[Black "Akhmetov, Ayan"]
[Result "1-0"]
[WhiteElo "2209"]
[BlackElo "1956"]
[PlyCount "80"]
[EventDate "2009.06.12"]
[EventType "swiss"]
[EventRounds "9"]
[EventCountry "RUS"]
[SourceTitle "CBM 130 Extra"]
[Source "ChessBase"]
[SourceDate "2009.07.02"]
[SourceVersion "2"]
[SourceVersionDate "2009.07.15"]
[SourceQuality "1"]

1. e4 c5 2. Nf3 d6 3. c3 Nf6 4. Be2 Nc6 5. d4 cxd4 6. cxd4 Nxe4 7. d5 Qa5+ 8. Nc3 Nxc3 9. bxc3 Ne5 10. Nxe5 dxe5 11. 0-0 e6 12. Bf3 Bc5 13. dxe6 Bxe6 14. Bxb7 Rd8 15. Bc6+ Ke7 16. Qf3 Bc4 17. Re1 f6 18. Rb1 Ba6 19. Be3 Rd3 20. Bb5 Rxe3 21. fxe3 Bxb5 22. Qg4 g6 23. Qe4 Rd8 24. c4 Bd7 25. Re2 Bf5 26. Rb7+ Kf8 27. Qh4 g5 28. Qh6+ Ke8 29. h3 Be4 30. Rb5 Qc7 31. Qxf6 Bg6 32. Qh8+ Kf7 33. Rf2+ Ke6 34. Rf6+ Kd7 35. Qg7+ Be7 36. Rf1 Kc8 37. Rxe5 Bd6 38. Qxc7+ Kxc7 39. Rxg5 Be7 40. Rd5 Be4 1-0

[Event "EU-ch 8th"]
[Site "Dresden"]
[Date "2007.04.12"]
[Round "9"]
[White "Startsev, Vladimir"]
[Black "Loeffler, Stefan"]
[Result "0-1"]
[WhiteElo "2248"]
[BlackElo "2448"]
[PlyCount "46"]
[EventDate "2007.04.03"]
[EventType "swiss"]
[EventRounds "11"]
[EventCountry "GER"]
[SourceTitle "CBM 118"]
[Source "ChessBase"]
[SourceDate "2007.05.31"]
[SourceVersion "1"]
[SourceVersionDate "2007.05.31"]
[SourceQuality "1"]

1. Nf3 c5 2. e3 d5 3. c4 d4 4. b4 Nf6 5. bxc5 Nc6 6. d3 e5 7. g3 e4 8. dxe4 Nxe4 9. Bg2 Bxc5 10. 0-0 0-0 11. Ne1 Bf5 12. Nd3 Bb6 13. Bb2 Rc8 14. Na3 Re8 15. Rc1 Qe7 16. Nf4 Nc3 17. Bxc3 Qxa3 18. Bd2 Qxa2 19. c5 Bc7 20. Bd5 Qa3 21. Ra1 Qxc5 22. Qb3 Qe7 23. Qxb7 Bxf4 0-1

[Event "Pardubice op-B1"]
[Site "Pardubice"]
[Date "2006.07.28"]
[Round "8"]
[White "Kopczynski, Michal"]
[Black "Startsev, Vladimir"]
[Result "1-0"]
[WhiteElo "2155"]
[BlackElo "2242"]
[PlyCount "59"]
[EventDate "2006.07.21"]
[EventType "swiss"]
[EventRounds "9"]
[EventCountry "CZE"]
[SourceTitle "CBM 113 Extra"]
[Source "ChessBase"]
[SourceDate "2006.09.14"]
[SourceVersion "1"]
[SourceVersionDate "2006.09.14"]
[SourceQuality "1"]

1. e4 d6 2. d4 Nf6 3. Nc3 e5 4. Nf3 Nbd7 5. Bc4 Be7 6. 0-0 0-0 7. a4 c6 8. Ba2 Qe8 9. Nh4 exd4 10. Qxd4 Ne5 11. f4 Bd8 12. Qxd6 Bb6+ 13. Kh1 Neg4 14. e5 Nf2+ 15. Rxf2 Bxf2 16. Nf3 Ng4 17. h3 Nh6 18. Ne4 Nf5 19. Qd3 Bb6 20. g4 Qe7 21. gxf5 Bxf5 22. Qe2 Rad8 23. Bd2 Qd7 24. Nd6 Bxc2 25. Ng5 h6 26. Ndxf7 Rxf7 27. e6 Qxd2 28. exf7+ Kf8 29. Ne6+ Ke7 30. f8Q+ 1-0

[Event "Voronezh op-B"]
[Site "Voronezh"]
[Date "2006.06.18"]
[Round "7"]
[White "Kiselev, Maxim"]
[Black "Startsev, Vladimir"]
[Result "0-1"]
[WhiteElo "2121"]
[BlackElo "2242"]
[PlyCount "94"]
[EventDate "2006.06.12"]
[EventType "swiss"]
[EventRounds "9"]
[EventCountry "RUS"]
[SourceTitle "EXT 2007"]
[Source "ChessBase"]
[SourceDate "2006.11.23"]
[SourceVersion "1"]
[SourceVersionDate "2006.11.23"]
[SourceQuality "1"]

1. d4 Nf6 2. c4 c5 3. d5 b5 4. a4 bxc4 5. Nc3 d6 6. e4 g6 7. Bxc4 Bg7 8. Nge2 0-0 9. 0-0 Nbd7 10. Nf4 Rb8 11. Nd3 Nb6 12. Ba2 a5 13. Re1 Nfd7 14. f4 Ba6 15. Nf2 Nc4 16. Qc2 Rb4 17. Nd3 Qb6 18. Kh1 Rb8 19. Nxb4 cxb4 20. Nb5 Na3 21. bxa3 Bxb5 22. Be3 Bxa4 23. Qxa4 Nc5 24. Bxc5 Qxc5 25. Rac1 Qf2 26. Qc6 Qxf4 27. Rf1 Qh6 28. Qc7 Rf8 29. Qxe7 Be5 30. h3 bxa3 31. Rc7 Qg7 32. Ra7 Bc3 33. Qxd6 Qd4 34. Rc7 Qd3 35. Rf3 Qd1+ 36. Kh2 Bd4 37. h4 Qa1 38. Re7 Qxa2 39. Qf4 Qa1 40. Rf1 Qxf1 41. Qxf1 a2 42. Ra7 a1Q 43. Qxa1 Bxa1 44. Rxa5 Be5+ 45. g3 Rb8 46. Ra3 Rb4 47. Re3 Kf8 0-1

[Event "Voronezh op-B"]
[Site "Voronezh"]
[Date "2006.06.16"]
[Round "5"]
[White "Peschansky, Mikhail"]
[Black "Startsev, Vladimir"]
[Result "1-0"]
[WhiteElo "2236"]
[BlackElo "2242"]
[PlyCount "61"]
[EventDate "2006.06.12"]
[EventType "swiss"]
[EventRounds "9"]
[EventCountry "RUS"]
[SourceTitle "EXT 2007"]
[Source "ChessBase"]
[SourceDate "2006.11.23"]
[SourceVersion "1"]
[SourceVersionDate "2006.11.23"]
[SourceQuality "1"]

1. b3 d6 2. Bb2 e5 3. c4 Nc6 4. g3 h5 5. h4 Nf6 6. Bg2 Bf5 7. Nc3 Qd7 8. e4 Bg4 9. f3 Be6 10. Nd5 Qd8 11. Ne2 Nb8 12. d4 c6 13. Ne3 Qc7 14. f4 exf4 15. gxf4 Ng4 16. Qd2 Nxe3 17. Qxe3 Bg4 18. 0-0-0 Nd7 19. Bf3 0-0-0 20. Bxg4 hxg4 21. Rdg1 Qa5 22. Kb1 f5 23. Bc3 Qb6 24. Ng3 fxe4 25. Nxe4 Re8 26. Qd3 d5 27. cxd5 cxd5 28. Nf2 Nf6 29. Nxg4 Ne4 30. Ne5 Kb8 31. Nd7+ 1-0

[Event "Ufa Kopylov Memorial op"]
[Site "Ufa"]
[Date "2004.10.??"]
[Round "6"]
[White "Startsev, Vladimir"]
[Black "Baemov, Ilnur"]
[Result "0-1"]
[WhiteElo "2216"]
[BlackElo "2147"]
[PlyCount "86"]
[EventDate "2004.10.24"]
[EventType "swiss"]
[EventRounds "9"]
[EventCountry "RUS"]
[SourceTitle "EXT 2006"]
[Source "ChessBase"]
[SourceDate "2005.11.24"]
[SourceVersion "1"]
[SourceVersionDate "2005.11.24"]
[SourceQuality "1"]

1. e4 c5 2. Nf3 d6 3. d4 cxd4 4. Nxd4 Nf6 5. Nc3 a6 6. a4 e5 7. Nb3 Be7 8. g3 0-0 9. Bg2 Be6 10. 0-0 Nbd7 11. h3 Qc7 12. Re1 Rfe8 13. Nd2 Qc6 14. Nf1 b5 15. a5 Rac8 16. Ne3 b4 17. Ncd5 Bxd5 18. exd5 Qb7 19. b3 Bf8 20. Bb2 h5 21. Qd2 g6 22. Ra4 Bh6 23. Rxb4 Qa7 24. c3 Nc5 25. Qe2 Qc7 26. Rb6 h4 27. g4 e4 28. Rd1 Nfd7 29. b4 Nd3 30. Rc6 Qa7 31. Bc1 N7e5 32. Rxc8 Rxc8 33. Bd2 Nf4 34. Qf1 Nf3+ 35. Bxf3 exf3 36. Re1 Re8 37. Kh2 Re4 38. b5 axb5 39. Qxb5 Qe7 40. a6 Ng2 41. Nxg2 Bxd2 42. Rxe4 Qxe4 43. Nxh4 Bf4+ 0-1

[Event "Ufa Kopylov Memorial op"]
[Site "Ufa"]
[Date "2004.10.??"]
[Round "7"]
[White "Zatokovenko, Igor"]
[Black "Startsev, Vladimir"]
[Result "1-0"]
[WhiteElo "2240"]
[BlackElo "2216"]
[PlyCount "75"]
[EventDate "2004.10.24"]
[EventType "swiss"]
[EventRounds "9"]
[EventCountry "RUS"]
[SourceTitle "EXT 2006"]
[Source "ChessBase"]
[SourceDate "2005.11.24"]
[SourceVersion "1"]
[SourceVersionDate "2005.11.24"]
[SourceQuality "1"]

1. d4 d6 2. Nf3 f5 3. g3 g6 4. Bg2 Bg7 5. 0-0 Nf6 6. Nbd2 0-0 7. c3 c6 8. Re1 Nh5 9. e4 f4 10. e5 d5 11. Nf1 Na6 12. h3 fxg3 13. fxg3 Nc7 14. Kh2 b6 15. Be3 Ne6 16. Qd2 Rf7 17. Re2 Qf8 18. Rf2 Ba6 19. Rc1 Rd8 20. Rc2 h6 21. Qd1 Kh7 22. Nh4 Rxf2 23. Rxf2 Qe8 24. Nd2 Kg8 25. Bf1 Bxf1 26. Rxf1 Bf8 27. Qg4 Nhg7 28. Bxh6 g5 29. Bxg7 Nxg7 30. Qxg5 Qh5 31. Ndf3 c5 32. g4 Qxg5 33. Nxg5 cxd4 34. cxd4 e6 35. Ng6 Bb4 36. a3 Bf8 37. h4 Rc8 38. h5 1-0

[Event "Serpukhov op"]
[Site "Serpukhov"]
[Date "2002.??.??"]
[Round "14"]
[White "Ponkratov, Pavel"]
[Black "Startsev, Vladimir"]
[Result "0-1"]
[WhiteElo "2236"]
[BlackElo "2234"]
[PlyCount "142"]
[EventDate "2002.??.??"]
[EventType "swiss"]
[EventRounds "15"]
[EventCountry "RUS"]
[SourceTitle "EXT 2007"]
[Source "ChessBase"]
[SourceDate "2006.11.23"]
[SourceVersion "1"]
[SourceVersionDate "2006.11.23"]
[SourceQuality "1"]

1. e4 c5 2. Nf3 e6 3. d4 cxd4 4. Nxd4 a6 5. Nc3 b5 6. Bd3 Bb7 7. 0-0 Nc6 8. Be3 Nge7 9. Nb3 d6 10. a4 b4 11. Nb1 g6 12. Qc1 Bg7 13. Bh6 0-0 14. Bxg7 Kxg7 15. a5 Ne5 16. Qe1 N7c6 17. Be2 g5 18. N1d2 Qf6 19. Rb1 Rac8 20. Bd3 Rc7 21. Qe3 Qf4 22. Qb6 Rfc8 23. g3 Qg4 24. f3 Qh3 25. Bxa6 Nd7 26. Qb5 Bxa6 27. Qxa6 g4 28. f4 Qh5 29. Ra1 Nc5 30. Qe2 Nxb3 31. Nxb3 Ne7 32. Rfc1 d5 33. e5 Qg6 34. Nd4 Rc4 35. c3 h5 36. a6 Nf5 37. Nxf5+ Qxf5 38. Qc2 Re4 39. Kg2 b3 40. Qf2 h4 41. a7 h3+ 42. Kg1 Ra8 43. Ra5 Rc4 44. Qe2 Rc7 45. Rca1 d4 46. c4 d3 47. Qe3 Rxc4 48. Rd1 d2 49. Rxd2 Rc1+ 50. Kf2 Rh1 51. Qd3 Qxd3 52. Rxd3 Rxh2+ 53. Ke3 Rxb2 54. f5 Ra2 55. Rb5 R8xa7 56. Rbxb3 exf5 57. Kf4 h2 58. Rd1 Ra1 59. Rbb1 Rxb1 60. Rxb1 Ra3 61. Rh1 Rf3+ 62. Kg5 Rxg3 63. Rxh2 Rf3 64. Rb2 g3 65. e6 fxe6 66. Rb7+ Kf8 67. Kf6 Ke8 68. Kxe6 Kd8 69. Kd6 Kc8 70. Rc7+ Kb8 71. Rg7 f4 0-1

[Event "RUS-Cup07"]
[Site "Togliatti"]
[Date "2001.08.15"]
[Round "8"]
[White "Startsev, Vladimir"]
[Black "Karpeshov, Oleg Mikhailovich"]
[Result "0-1"]
[WhiteElo "2231"]
[BlackElo "2437"]
[PlyCount "76"]
[EventDate "2001.08.08"]
[EventType "swiss"]
[EventRounds "9"]
[EventCountry "RUS"]
[SourceTitle "CBM 083 Extra"]
[Source "ChessBase"]
[SourceDate "2001.09.11"]
[SourceVersion "1"]
[SourceVersionDate "2001.09.11"]
[SourceQuality "1"]

1. e4 e5 2. Nf3 Nc6 3. Bb5 Nf6 4. d3 d6 5. c3 g6 6. Bg5 Bg7 7. h3 h6 8. Be3 0-0 9. Nbd2 a6 10. Ba4 b5 11. Bc2 Nd7 12. g4 Nf6 13. Nf1 h5 14. g5 Nh7 15. d4 exd4 16. cxd4 Nb4 17. Bb1 c5 18. Qd2 Nc6 19. h4 cxd4 20. Nxd4 Ne5 21. Bd3 d5 22. Ng3 Bb7 23. f4 dxe4 24. fxe5 exd3 25. Rg1 Bxe5 26. Qxd3 Qe7 27. Nf1 Rac8 28. Rd1 Rcd8 29. Kf2 Kh8 30. Rd2 f6 31. Nf5 gxf5 32. Qe2 fxg5 33. hxg5 f4 34. Bb6 Rxd2 35. Nxd2 Qd6 36. Kf1 f3 37. Qf2 Qd3+ 38. Ke1 Bxb2 0-1

[Event "RUS-Cup07"]
[Site "Togliatti"]
[Date "2001.08.13"]
[Round "6"]
[White "Startsev, Vladimir"]
[Black "Malin, Denis Sergeevich"]
[Result "1-0"]
[WhiteElo "2231"]
[BlackElo "2152"]
[PlyCount "115"]
[EventDate "2001.08.08"]
[EventType "swiss"]
[EventRounds "9"]
[EventCountry "RUS"]
[SourceTitle "CBM 083 Extra"]
[Source "ChessBase"]
[SourceDate "2001.09.11"]
[SourceVersion "1"]
[SourceVersionDate "2001.09.11"]
[SourceQuality "1"]

1. e4 e5 2. Bc4 Nc6 3. Nf3 Bc5 4. b4 Bb6 5. a4 a6 6. c3 Nf6 7. Qb3 Qe7 8. d3 h6 9. 0-0 d6 10. Nbd2 0-0 11. Bb2 Bg4 12. Rae1 Nh7 13. Kh1 Ng5 14. Nxg5 Qxg5 15. f4 Qh5 16. Nf3 Kh8 17. a5 Ba7 18. Bd5 f5 19. Bxc6 bxc6 20. d4 fxe4 21. Rxe4 exd4 22. Nxd4 Bxd4 23. cxd4 Qb5 24. Rfe1 d5 25. Re7 Rxf4 26. h3 Rf1+ 27. Rxf1 Qxf1+ 28. Kh2 Qf4+ 29. Qg3 Qxg3+ 30. Kxg3 Bd1 31. Rxc7 Ba4 32. Bc1 Rf8 33. Bf4 Kg8 34. Bd6 Rf7 35. Rc8+ Kh7 36. Be5 Bb5 37. Rd8 Bc4 38. Rd6 Bb5 39. Kh4 Ba4 40. g4 Bb5 41. Kg3 g5 42. h4 Ba4 43. h5 Bb5 44. Rd8 Rg7 45. Rb8 Bc4 46. Kf2 Bb5 47. Ke3 Bc4 48. Kd2 Bb5 49. Bf6 Bc4 50. Bxg7 Kxg7 51. Rb7+ Kg8 52. b5 Bxb5 53. Kc3 Be2 54. Ra7 Kf8 55. Kb4 Ke8 56. Kc5 Bxg4 57. Rxa6 Kd7 58. Rxc6 1-0

[Event "RUS-Cup07"]
[Site "Togliatti"]
[Date "2001.08.12"]
[Round "5"]
[White "Nachev, Stanislav"]
[Black "Startsev, Vladimir"]
[Result "1-0"]
[WhiteElo "2401"]
[BlackElo "2231"]
[PlyCount "99"]
[EventDate "2001.08.08"]
[EventType "swiss"]
[EventRounds "9"]
[EventCountry "RUS"]
[SourceTitle "CBM 083 Extra"]
[Source "ChessBase"]
[SourceDate "2001.09.11"]
[SourceVersion "1"]
[SourceVersionDate "2001.09.11"]
[SourceQuality "1"]

1. d4 c5 2. d5 e5 3. e4 d6 4. Nc3 Be7 5. Nf3 Nf6 6. h3 Na6 7. Bd3 Rb8 8. a3 Nc7 9. b4 cxb4 10. axb4 a6 11. Nd2 0-0 12. Nb3 Nfe8 13. 0-0 Bd7 14. Ne2 g6 15. c4 Ng7 16. f4 Qc8 17. Kh2 Nce8 18. fxe5 dxe5 19. c5 f5 20. Bb2 Bf6 21. Ng1 fxe4 22. Bxe4 Bb5 23. Rf2 Nf5 24. Nf3 Ne3 25. Qc1 Nc4 26. Bc3 Ng7 27. Nbd2 Ne3 28. Qb2 Nh5 29. Bxe5 Qe8 30. Kg1 Bxe5 31. Qxe5 Qf7 32. d6 Rbe8 33. Qd4 Nf5 34. Qd5 Nf6 35. Qxf7+ Rxf7 36. Bxf5 gxf5 37. Nd4 Nd5 38. Nxf5 Rff8 39. Nd4 Rxf2 40. Kxf2 Nxb4 41. Nxb5 Nd3+ 42. Kf3 axb5 43. Ra5 b4 44. Rb5 Ne1+ 45. Kf4 Nd3+ 46. Kf5 Re5+ 47. Kf6 Re8 48. d7 Rf8+ 49. Ke7 Rf7+ 50. Kd6 1-0